LIBRARY & INFORMATION CENTRE, KCAET, TAVANUR

ONLINE PUBLIC ACCESS CATALOGUE (OPAC)

Introduction to environmented engineering and science / (Record no. 2742)

MARC details
000 -LEADER
fixed length control field 00431cam a2200157ua 4500
003 - CONTROL NUMBER IDENTIFIER
control field OSt
008 - FIXED-LENGTH DATA ELEMENTS--GENERAL INFORMATION
fixed length control field 250823b |||||||| |||| 00| 0 eng d
020 ## - INTERNATIONAL STANDARD BOOK NUMBER
ISBN 81-203-0881-6
041 ## - LANGUAGE CODE
Language code of text/sound track or separate title eng
082 ## - DEWEY DECIMAL CLASSIFICATION NUMBER
Classification number 628
Item number GIL/IN
100 ## - MAIN ENTRY--AUTHOR NAME
Personal name Gilbert, M Masters .
245 ## - TITLE STATEMENT
Title Introduction to environmented engineering and science /
260 ## - PUBLICATION, DISTRIBUTION, ETC. (IMPRINT)
Place of publication New Delhi :
Name of publisher Prentice Hall of India Pvt Ltd. ,
Year of publication 2001.
300 ## - PHYSICAL DESCRIPTION
Number of Pages 460 ; .
942 ## - ADDED ENTRY ELEMENTS (KOHA)
Koha item type Books
Holdings
Withdrawn status Lost status Damaged status Home library Current library Date acquired Full call number Accession Number Koha item type Shelving location
      KAUAET KAUAET 07/04/2012 628 GIL/IN 20624 Books  
      KAUAET KAUAET 07/04/2012 628 GIL/IN 21455 Books  
      KAUAET KAUAET 13/09/2018 628 GIL/IN 18505 Book Bank scheme for SC students Scheme
free website counter